| 000 | 00645nam a2200217 i 4500 | ||
|---|---|---|---|
| 001 | 46902 | ||
| 003 | ES-MaACL | ||
| 005 | 20250727040040.0 | ||
| 007 | t| | ||
| 008 | 030402m18481849fr ||||1| fre d | ||
| 100 | 1 |
_aConsiderant, Víctor. _940227 |
|
| 245 | 1 | 0 |
_aDestinée sociale / _cpar Víctor Considerant. |
| 250 | _a2ème ed. | ||
| 260 |
_aParis : _bLib. Phalanstérienne, _c1848-1849 ( _fLange Levy et Comp) |
||
| 300 |
_a2 v. ; _c18 cm. |
||
| 500 | _aEl vol. 2 es de la 3ème ed. | ||
| 600 | 0 | 4 |
_aFourier, Charles. _951964 |
| 650 | 7 |
_aSocialismo utópico _2embne _9149695 |
|
| 852 |
_aES-MaACL _jG-10746-7 |
||
| 999 |
_c46902 _d46902 |
||